Role of ion channel in programmed cell death: Report of short term overseas training programme, 13 February-12 May 2012, University of Nevada (Record no. 44525)

MARC details
000 -LEADER
fixed length control field 00377nam a2200109Ia 4500
082 ## - DEWEY DECIMAL CLASSIFICATION NUMBER
Item number HAR
100 ## - MAIN ENTRY--AUTHOR NAME
Personal name HARPER, Jeff
245 #0 - TITLE STATEMENT
Title Role of ion channel in programmed cell death: Report of short term overseas training programme, 13 February-12 May 2012, University of Nevada
260 ## - PUBLICATION, DISTRIBUTION, ETC. (IMPRINT)
Place of publication University of Nevada
Year of publication 2012
942 ## - ADDED ENTRY ELEMENTS (KOHA)
Koha item type Books
Holdings
Withdrawn status Lost status Damaged status Not for loan Home library Current library Date acquired Source of acquisition Full call number Accession Number Koha item type
        RRII Library RRII Library 16/12/2021 Gift HAR G01269 Books